| 000 | 00591cam a22002291 4500 | ||
|---|---|---|---|
| 001 | sa 68016848 | ||
| 003 | DLC | ||
| 005 | 20260227112658.0 | ||
| 008 | 900122s1968 ii c 000 0 gujo | ||
| 010 | _asa 68016848 | ||
| 035 | _a(OCoLC)20939725 | ||
| 040 |
_aDLC _cWaU _dDLC |
||
| 042 | _apremarc | ||
| 043 | _aa-ii--- | ||
| 050 | 0 | 0 |
_aHD70.I4 _bP37 |
| 100 | 1 |
_aPathak, Chandrakant Mohanlal, _d1937- |
|
| 245 | 1 | 0 | _aAudyogika mārgadarśana. |
| 260 | _c[1968] | ||
| 300 |
_a16, 206 p. _bports. _c21 cm. |
||
| 500 | _aIn Gujarati. | ||
| 650 | 0 |
_aIndustrial management _zIndia _zGujarat. |
|
| 999 |
_c87344 _d87344 |
||